000 00366nam a2200169Ia 4500
100 _aSalivahanan/S
650 _aDevices and circuits
250 _a3
942 _cBK
366 _f25
245 _aElectronic devices and circuits
260 _bMc Graw Hill
_c2012
082 _a621.382
_bSAL
300 _a1061
546 _aENGLISH
_cPAMPHALETS
999 _c22846
_d22846